Statistiques concernant Eaux minérales connues en France

Cliquez ici pour prendre le quiz!

Statistiques générales

  • Ce quiz a été pris 419 fois
    (289 depuis la dernière actualisation)
  • Le résultat moyen est 7 sur 17

Statistiques - réponses

Eau minérale% Correct
Évian
94%
Cristaline
83%
Volvic
79%
Vittel
77%
Hepar
67%
Contrex
61%
Perrier
58%
Badoit
53%
Quézac
28%
Vichy
26%
Thonon
23%
Saint-Yorre
21%
Salvetat
18%
Wattwiller
16%
Rozana
15%
Mont Roucous
14%
Vals
10%

Distribution des résultats

Percentile par nombre de réponses

% des personnes avec chaque résultat

Votre développement - résultats

Vous n’avez pas pris ce quiz depuis la dernière actualisation